000 01061nam a2200217Ia 4500
003 Ost
005 20260507075046.0
008 260507s9999||||xx |||||||||||||| ||und||
040 _cfsecg
041 _aara
082 _a600
100 _aدبيان، السيد عبد المقصود محمد
_eمؤلف
245 0 _aفي مبادئ محاسبة التكاليف /
_c السيد عبد المقصود محمد دبيان
260 _aالإسكندرية:
_bالدار الجامعية,
_c2003
300 _a434 صفحة؛
_bإيضاحات ؛
_c24 سم
520 _aأهمية محاسبة التكاليف ومصادر المعرفة فيها-المفاهيم الأساسية للتكاليف وتقسيماتها-أنظمة محاسبة التكاليف-المحاسبة عن التكاليف الصناعية غير المباشرة التخصص والرقابة
653 _aالمحاسبة
653 _aمحاسبة التكاليف
700 _aعبد اللطيف، ناصر نور الدين
_eمؤلف ثانوي
942 _cكتاب
999 _c42578
_d42578